| 000 | 00631nam a2200205 a 4500 | ||
|---|---|---|---|
| 001 | BRCA_2692 | ||
| 005 | 20190320203927.0 | ||
| 008 | 021208s1961----txua---###---#000-0#eng-# | ||
| 050 | 4 |
_aF1234 _b.D85 1961 |
|
| 100 | 1 |
_aDulles, John W.F. _97625 |
|
| 245 | 1 | 0 |
_aYesterday in Mexico _ba chronicle of the Revolution, 1919-1936 _cJohn W.F. Dulles. |
| 260 |
_aAustin, Texas _bUniversity of Texas _c1961 |
||
| 300 |
_axvi, 805 p. _bil. _c24 cm. |
||
| 500 | _aIncluye índice de ilustraciones | ||
| 500 | _aAA3 | ||
| 504 | _aBibliografía: p. 717-738 | ||
| 650 | 1 | 4 |
_aPolítica y gobierno _zMéxico _97626 |
| 902 | _aGFM | ||
| 942 |
_2lcc _cB |
||
| 999 |
_c2432 _d2432 |
||